[Event "Stay Safe Play From Home 291"]
[Site "Emanuel Lasker Arena"]
[Date "2020.07.09"]
[Round "4"]
[White "Haxhi Baha"]
[Black "Weltszmerc"]
[Result "0-1"]
[WhiteElo "1934"]
[BlackElo "2009"]
[Annotator "TA"]
[PlyCount "106"]
[EventDate "2020.07.09"]
[EventType "swiss (blitz)"]

{[%evp 16,106,41,20,36,-18,14,-40,36,16,50,34,43,-76,47,66,71,59,50,-12,176,194,191,194,175,189,188,172,214,206,207,208,214,224,361,354,329,246,493,479,472,467,546,526,881,843,946,932,2061,2013,1839,1803,1589,1573,1246,939,909,890,815,717,702,659,650,606,699,674,584,400,576,531,804,791,818,790,1065,1038,991,921,846,706,746,740,646,475,576,512,797,293,244,103,172,-893,69]} 1. e4 Nf6 2. e5 Nd5 3. c4 Nb6 4. d4 d6 5. exd6 cxd6 6. Nc3 g6 7. Nf3 Bg7 8. h3 O-O 9. Be3 e5 {B04: Alekhine's Defence: 4 Nf3.} 10. d5 {[#]} ({White should try} 10. Be2 $14) 10... N6d7 $146 ({Predecessor:} 10... N8d7 11. Qd2 Qe7 12. Rd1 e4 13. Nd4 Ne5 14. b3 f5 15. Bg5 Bf6 16. Bxf6 Rxf6 17. Qg5 {1-0 (44) Garcia Cortes Loriente,M-Rodriguez Izquierdo,B Valladolid 1990}) 11. g4 (11. Be2 $11) 11... a6 (11... Na6 $15) 12. Be2 Nc5 13. Qd2 f5 14. Bh6 (14. h4 $14 {keeps the upper hand.}) 14... e4 ({Better is} 14... b5 $17) 15. Bxg7 $14 Kxg7 {[#]} 16. Nd4 $1 $36 {[%mdl 2048] White has the initiative.} Qf6 17. gxf5 (17. O-O $14) 17... Nd3+ $2 (17... Bxf5 $11 18. Nxf5+ gxf5) 18. Bxd3 $18 Qxd4 19. Bxe4 Qxd2+ 20. Kxd2 gxf5 21. Rag1+ Kf6 22. Bd3 Nd7 23. f4 Nc5 24. Bc2 b6 (24... Nd7 $142 25. a4 Nb6) 25. b4 {[%cal Bb2b4,Bb4b5][%mdl 32]} Nd7 26. Rg5 Nb8 $2 {[#]} (26... Ne5 {keeps fighting.}) 27. Rhg1 Ra7 28. Ne2 a5 29. b5 Rff7 30. Nd4 Ke7 31. Bxf5 Bxf5 32. Nxf5+ Kd7 33. Rg7 Kd8 34. Rg8+ Kc7 35. R1g7 Rxg7 36. Rxg7+ {[%mdl 4096] Endgame KRN-KRN} Nd7 37. Rxh7 Ra8 38. Nd4 Rg8 39. Ne6+ Kc8 40. Ke3 Rg3+ 41. Kf2 Rc3 (41... Ra3 {was necessary.} 42. Rh8+ Kb7) 42. h4 Rxc4 43. h5 Nf6 44. Rh8+ Kb7 45. h6 Rc2+ 46. Kf3 Rc3+ 47. Ke2 Rc2+ 48. Kd3 Rh2 49. h7 Rh3+ 50. Kd4 Rxh7 (50... Nxh7 $142 51. Rd8 Rh2 52. Rxd6 Nf6 53. Nd8+ {[%mdl 64] Discovered Attack} Kc8 54. Rxf6 Kxd8) 51. Rf8 $2 (51. Rxh7+ Nxh7 52. Ng5) 51... Nd7 52. Nd8+ (52. Rd8 $18) 52... Kc7 (52... Kc8 $16 {was worth a try.} 53. Rg8 Nf6) 53. Nc6 $4 {[%mdl 8192]} (53. Rg8 $18) 53... Nc5 $2 {[%mdl 32768] Black used his chance. Accuracy: White = 55%, Black = 38%. . Loss on time!?} ({Black should play} 53... Nxf8 $19 54. Kc3 Rh3+ 55. Kc2 Ra3) 0-1

[Event "Stay Safe Play From Home 291"]
[Site "Emanuel Lasker Arena"]
[Date "2020.07.09"]
[Round "4"]
[White "Haris kollari 13"]
[Black "Chesstiger9"]
[Result "0-1"]
[WhiteElo "1848"]
[BlackElo "1965"]
[Annotator "NA"]
[PlyCount "68"]
[EventDate "2020.07.09"]
[EventType "swiss (blitz)"]

1. e4 {[%emt 0:00:01]} c5 {[%emt 0:00:01]} 2. Nf3 {[%emt 0:00:01]} e6 {[%emt 0:00:01]} 3. d4 {[%emt 0:00:01]} cxd4 {[%emt 0:00:02]} 4. Nxd4 {[%emt 0:00:00]} a6 {[%emt 0:00:01]} 5. f4 {[%emt 0:00:01]} d6 {[%emt 0:00:01]} 6. Be3 {[%emt 0:00:01]} b5 {[%emt 0:00:01]} 7. Be2 {[%emt 0:00:01]} Bb7 {[%emt 0:00:01]} 8. Bf3 {[%emt 0:00:01]} Qc7 {[%emt 0:00:01]} 9. Nd2 {[%emt 0:00:02]} Nd7 {[%emt 0:00:01]} 10. Qe2 {[%emt 0:00:01]} Ngf6 {[%emt 0:00:01]} 11. g4 {[%emt 0:00:05]} Nc5 {[%emt 0:00:04]} 12. Bf2 {[%emt 0:00:06]} O-O-O {[%emt 0:00:09]} 13. O-O {[%emt 0:00:03]} d5 {[%emt 0:00:04]} 14. e5 {[%emt 0:00:03]} Nfe4 {[%emt 0:00:01]} 15. b4 {[%emt 0:00:21]} Nxd2 {[%emt 0:00:07]} 16. Qxd2 {[%emt 0:00:03]} Ne4 {[%emt 0:00:01]} 17. Bxe4 {[%emt 0:00:08]} dxe4 {[%emt 0:00:00]} 18. c3 {[%emt 0:00:01]} e3 {[%emt 0:00:07]} 19. Qxe3 {[%emt 0:00:05]} Kb8 {[%emt 0:00:09]} 20. a4 {[%emt 0:00:03]} Be7 {[%emt 0:00:12]} 21. axb5 {[%emt 0:00:02]} axb5 {[%emt 0:00:04]} 22. h4 {[%emt 0:00:19]} Rd5 {[%emt 0:00:19]} 23. Kh2 {[%emt 0:00:05]} Rc8 {[%emt 0:00:02]} 24. Rfc1 {[%emt 0:00:03]} Qb6 {[%emt 0:00:05]} 25. Qg3 {[%emt 0:00:07]} Rc4 {[%emt 0:00:08]} 26. Nf5 {[%emt 0:00:05]} Rd2 {[%emt 0:00:07]} 27. Nxe7 {[%emt 0:00:04]} Rxf2+ {[%emt 0:00:04]} 28. Kh3 {[%emt 0:00:01]} Rf3 {[%emt 0:00:07]} 29. h5 {[%emt 0:00:15]} Rxg3+ {[%emt 0:00:02]} 30. Kxg3 {[%emt 0:00:00]} Qe3+ {[%emt 0:00:02]} 31. Kh4 {[%emt 0:00:01]} Qf2+ {[%emt 0:00:02]} 32. Kh3 {[%emt 0:00:02]} Qg2+ {[%emt 0:00:02]} 33. Kh4 {[%emt 0:00:01]} Qh2+ {[%emt 0:00:01]} 34. Kg5 {[%emt 0:00:01]} h6# {[%emt 0:00:01] (Lag: Av=0.52s, max=1.5s)} 0-1

[Event "Stay Safe Play From Home 291"]
[Site "Emanuel Lasker Arena"]
[Date "2020.07.09"]
[Round "4"]
[White "Timbre"]
[Black "Mandy"]
[Result "1-0"]
[WhiteElo "1553"]
[BlackElo "993"]
[Annotator "NA"]
[PlyCount "45"]
[EventDate "2020.07.09"]
[EventType "swiss (blitz)"]

1. d4 {[%emt 0:00:06]} d5 {[%emt 0:00:02]} 2. Nf3 {[%emt 0:00:01]} c6 {[%emt 0:00:03]} 3. c3 {[%emt 0:00:01]} Bf5 {[%emt 0:00:02]} 4. Bf4 {[%emt 0:00:02]} Nd7 {[%emt 0:00:02]} 5. e3 {[%emt 0:00:02]} g6 {[%emt 0:00:01]} 6. Bd3 {[%emt 0:00:02]} Ngf6 {[%emt 0:00:03]} 7. Qc2 {[%emt 0:00:02]} e6 {[%emt 0:00:03]} 8. h3 {[%emt 0:00:04]} Qc7 {[%emt 0:00:02]} 9. Nbd2 {[%emt 0:00:07]} Qd8 {[%emt 0:00:05]} 10. e4 {[%emt 0:00:02]} dxe4 {[%emt 0:00:19]} 11. Nxe4 {[%emt 0:00:02]} Nxe4 {[%emt 0:00:14]} 12. Bxe4 {[%emt 0:00:02]} Nf6 {[%emt 0:00:09]} 13. Bxf5 {[%emt 0:00:04]} exf5 {[%emt 0:00:15]} 14. O-O {[%emt 0:00:04]} Be7 {[%emt 0:00:08]} 15. Qb3 {[%emt 0:00:03]} O-O {[%emt 0:00:07]} 16. Qxb7 {[%emt 0:00:04]} Bd6 {[%emt 0:00:23]} 17. Bxd6 {[%emt 0:00:07]} Qxd6 {[%emt 0:00:05]} 18. Rab1 {[%emt 0:00:04]} Ne4 {[%emt 0:00:07]} 19. Qb3 {[%emt 0:00:07]} Rab8 {[%emt 0:00:09]} 20. Qc2 {[%emt 0:00:05]} Rbd8 {[%emt 0:00:22]} 21. Rfe1 {[%emt 0:00:03]} Nf6 {[%emt 0:00:12]} 22. Qa4 {[%emt 0:00:03]} Rfe8 {[%emt 0:00:06]} 23. Rxe8+ {[%emt 0:00:04] Zeit (Lag: Av=0.43s, max=1.0s)} 1-0

[Event "Stay Safe Play From Home 291"]
[Site "Emanuel Lasker Arena"]
[Date "2020.07.09"]
[Round "4"]
[White "Klasman"]
[Black "Capaeuwekhine"]
[Result "1-0"]
[WhiteElo "1538"]
[BlackElo "1682"]
[Annotator "NA"]
[PlyCount "105"]
[EventDate "2020.07.09"]
[EventType "swiss (blitz)"]

1. f4 {[%emt 0:00:03]} e5 {[%emt 0:00:01]} 2. fxe5 {[%emt 0:00:02]} d6 {[%emt 0:00:01]} 3. Nf3 {[%emt 0:00:01]} Bg4 {[%emt 0:00:03]} 4. e4 {[%emt 0:00:05]} dxe5 {[%emt 0:00:02]} 5. Bc4 {[%emt 0:00:01]} Nf6 {[%emt 0:00:12]} 6. Bxf7+ {[%emt 0:00:05]} Kxf7 {[%emt 0:00:03]} 7. Nxe5+ {[%emt 0:00:01]} Ke8 {[%emt 0:00:03]} 8. Nxg4 {[%emt 0:00:02]} Bc5 {[%emt 0:00:05]} 9. e5 {[%emt 0:00:36]} Nxg4 {[%emt 0:00:08]} 10. Qxg4 {[%emt 0:00:06]} Nc6 {[%emt 0:00:01]} 11. c3 {[%emt 0:00:19]} Nxe5 {[%emt 0:00:15]} 12. Qh5+ {[%emt 0:00:03]} Ng6 {[%emt 0:00:04]} 13. Qxc5 {[%emt 0:00:02]} Qd3 {[%emt 0:00:07]} 14. Qe3+ {[%emt 0:00:04]} Qxe3+ {[%emt 0:00:03]} 15. dxe3 {[%emt 0:00:01]} Kd7 {[%emt 0:00:01]} 16. O-O {[%emt 0:00:03]} Rhe8 {[%emt 0:00:01]} 17. Rf7+ {[%emt 0:00:02]} Re7 {[%emt 0:00:01]} 18. Rxe7+ {[%emt 0:00:01]} Kxe7 {[%emt 0:00:01]} 19. Nd2 {[%emt 0:00:02]} Rd8 {[%emt 0:00:01]} 20. Nf3 {[%emt 0:00:06]} Rd1+ {[%emt 0:00:02]} 21. Kf2 {[%emt 0:00:05]} Ke6 {[%emt 0:00:03]} 22. Ke2 {[%emt 0:00:01]} Rh1 {[%emt 0:00:03]} 23. b4 {[%emt 0:00:04]} Ne7 {[%emt 0:00:03]} 24. Bb2 {[%emt 0:00:01]} Rxa1 {[%emt 0:00:01]} 25. Bxa1 {[%emt 0:00:01]} Nd5 {[%emt 0:00:00]} 26. a3 {[%emt 0:00:04]} Nf6 {[%emt 0:00:02]} 27. c4 {[%emt 0:00:02]} Ne4 {[%emt 0:00:01]} 28. Bxg7 {[%emt 0:00:04]} c5 {[%emt 0:00:06]} 29. bxc5 {[%emt 0:00:04]} Nxc5 {[%emt 0:00:02]} 30. Bd4 {[%emt 0:00:02]} Nb3 {[%emt 0:00:02]} 31. Bxa7 {[%emt 0:00:02]} Kd6 {[%emt 0:00:02]} 32. Nd4 {[%emt 0:00:03]} Nc1+ {[%emt 0:00:02]} 33. Kf3 {[%emt 0:00:02]} Nd3 {[%emt 0:00:02]} 34. e4 {[%emt 0:00:02]} Ne5+ {[%emt 0:00:02]} 35. Ke3 {[%emt 0:00:03]} Nxc4+ {[%emt 0:00:01]} 36. Kd3 {[%emt 0:00:03]} Nxa3 {[%emt 0:00:01]} 37. Nf5+ {[%emt 0:00:04]} Ke6 {[%emt 0:00:03]} 38. Bd4 {[%emt 0:00:06]} Nb5 {[%emt 0:00:04]} 39. g4 {[%emt 0:00:02]} Nc7 {[%emt 0:00:04]} 40. h4 {[%emt 0:00:02]} Ne8 {[%emt 0:00:02]} 41. h5 {[%emt 0:00:02]} b5 {[%emt 0:00:03]} 42. g5 {[%emt 0:00:01]} Nc7 {[%emt 0:00:03]} 43. g6 {[%emt 0:00:01]} hxg6 {[%emt 0:00:02]} 44. hxg6 {[%emt 0:00:01]} Ne8 {[%emt 0:00:02]} 45. g7 {[%emt 0:00:03]} Kf7 {[%emt 0:00:01]} 46. Nh6+ {[%emt 0:00:02]} Ke6 {[%emt 0:00:06]} 47. g8=Q+ {[%emt 0:00:01]} Kd7 {[%emt 0:00:01]} 48. Qd5+ {[%emt 0:00:01]} Nd6 {[%emt 0:00:01]} 49. Nf5 {[%emt 0:00:02]} Kc7 {[%emt 0:00:03]} 50. Qxd6+ {[%emt 0:00:01]} Kc8 {[%emt 0:00:01]} 51. Bb6 {[%emt 0:00:01]} Kb7 {[%emt 0:00:02]} 52. Qc7+ {[%emt 0:00:01]} Ka6 {[%emt 0:00:01]} 53. Qa7# {[%emt 0:00:01] (Lag: Av=0.62s, max=1.3s)} 1-0

[Event "Stay Safe Play From Home 291"]
[Site "Emanuel Lasker Arena"]
[Date "2020.07.09"]
[Round "5"]
[White "Lazieri3"]
[Black "AChessPlayer"]
[Result "0-1"]
[WhiteElo "2040"]
[BlackElo "2241"]
[Annotator "TA"]
[PlyCount "138"]
[EventDate "2020.07.09"]
[EventType "swiss (blitz)"]

{[%evp 11,138,18,22,11,10,12,8,14,26,0,10,2,12,0,1,-10,-15,-13,-12,-22,-22,-20,-29,-38,-10,-16,0,0,0,0,0,-8,25,21,38,0,0,0,0,0,0,0,2,0,3,0,141,108,289,270,254,52,94,94,102,25,22,29,66,28,88,86,79,79,79,79,164,161,210,210,229,0,0,0,0,0,0,0,0,0,10,0,8,0,4,31,136,136,983,0,0,0,0,0,0,0,0,0,0,-1785,-1593,-29973,-29975,-29972,-1566,-1175,-1097,-1814,-1711,-1329,-1204,-1104,-1046,-1034,-146,-1173,0,0,0,-992,-598,-29971,-29973,-4133,-743,-29981,-29980,-29984,-29985]} 1. e3 d5 2. d4 Nf6 3. c4 c6 4. Nf3 Bg4 5. cxd5 Bxf3 6. Qxf3 cxd5 7. Nc3 {D11: Slav Defence: 3 Nf3 sidelines and 3...Nf6 4 e3 Bg4.} Nc6 8. Bd3 e6 9. O-O {The position is equal.} Bd6 10. h3 O-O 11. Rd1 a6 {[#]} 12. Bc2 $146 ({Predecessor:} 12. Qe2 Rc8 13. Bd2 Nd7 14. Rac1 f5 15. f4 Kh8 16. Kh1 Na5 17. Rg1 Nc4 18. Be1 {0-1 (65) Arkell,N (1913)-Bird,A (2210) Buxton 2013}) 12... b5 13. a3 Rc8 14. e4 dxe4 15. Nxe4 Be7 16. Nxf6+ Bxf6 17. Be3 Ne7 18. Be4 Nd5 19. Bxd5 Qxd5 20. Qxd5 exd5 21. Rac1 Rc4 22. b3 Rcc8 23. Kf1 Be7 24. a4 Ba3 25. Rxc8 Rxc8 26. axb5 axb5 $11 {[%mdl 4096] Endgame KRB-KRB} 27. Ke2 f5 28. Kd3 Bb2 (28... Bb4 $11) 29. Bd2 Kf7 $2 (29... Ra8 $16) 30. Rb1 $18 Ba3 31. Ra1 $2 (31. b4 $1 $18) 31... Bf8 32. Ra7+ Ke6 33. Bf4 (33. Rb7 $16) 33... b4 $11 34. Bd2 f4 35. Rb7 h5 (35... Ra8 $11) 36. Bxb4 $16 Bxb4 37. Rxb4 {KR-KR} Rc1 38. Rb6+ Kf5 (38... Kf7 $16 {was worth a try.}) 39. Rd6 $1 $18 Rg1 40. Rxd5+ Kg6 41. g4 $2 ({White should play} 41. h4 $18) 41... fxg3 $11 42. fxg3 Rxg3+ {[%mdl 64] Double Attack} 43. Kc4 Rxh3 44. b4 {[%cal Bb3b4,Bb4b5,Bb5b6,Bb6b7][%mdl 32]} Rh1 45. b5 Rb1 46. Rd6+ Kg5 47. b6 {Threatens to win with Rd5+.} h4 {White must now prevent ...h3.} 48. Rd5+ Kg4 (48... Kf6 $1 $14) 49. Rb5 $16 Rc1+ $2 {[%mdl 8192]} (49... Rxb5 $16 50. Kxb5 h3) 50. Kd3 $2 (50. Kd5 $1 $18 h3 51. Rb2) 50... Rc8 $11 (50... h3 $5 51. Rb2 $8 Rc8 $11) 51. b7 Rb8 {Strongly threatening ...h3.} 52. Rb1 g5 {And now ...h3 would win.} (52... h3 $5 53. Rg1+ $8 Kf3 54. Rxg7 h2 $11) 53. d5 Kf3 (53... h3 $5 54. d6 $8 Kf5 $11) 54. d6 h3 55. Rf1+ $2 {[%mdl 8192] [#]} (55. d7 $11 h2 56. Rd1) 55... Kg2 $1 $19 {[%cal Rg2f1][%mdl 512]} 56. Rf7 h2 57. Rh7 {[#]} Rxb7 $1 {[%mdl 512]} 58. Rxb7 h1=Q {KQ-KR} 59. Kd4 Qd1+ 60. Kc5 Qc2+ 61. Kb6 Qb3+ 62. Kc7 {[#]} Qc4+ $2 (62... Qc3+ $1 $19 63. Kd7 g4) 63. Kd8 $2 {[%mdl 8192] [#]} (63. Kb8 $17) 63... Qg8+ $2 (63... Qc6 $1 $19 64. Rb2+ Kf3 65. Rb3+ Kf4) 64. Kc7 $11 Qc4+ 65. Kd8 $1 {[#]} Qd5 $1 66. Kc7 {intending d7.} Qc5+ 67. Kd7 g4 68. Rb2+ Kh3 69. Ke7 g3 {A wild game. Accuracy: White = 73%, Black = 62%.} 0-1

[Event "Stay Safe Play From Home 291"]
[Site "Emanuel Lasker Arena"]
[Date "2020.07.09"]
[Round "5"]
[White "Weltszmerc"]
[Black "Position"]
[Result "0-1"]
[WhiteElo "2023"]
[BlackElo "2037"]
[Annotator "TA"]
[PlyCount "116"]
[EventDate "2020.07.09"]
[EventType "swiss (blitz)"]

{[%evp 22,116,48,40,56,56,62,69,67,62,105,82,89,76,65,47,149,151,311,280,316,81,404,41,50,38,54,67,45,29,62,14,14,27,22,18,47,36,65,60,86,88,75,89,74,61,79,79,89,70,78,37,24,26,40,21,130,-38,-36,-40,-25,-79,0,0,0,-70,-71,-116,-116,-122,-128,-123,-104,-116,0,-128,-126,-256,-143,-143,-144,-196,-237,-232,-217,-379,-385,-824,-362,-350,-362,-357,-334,-382,-288,-377,-369]} 1. d4 Nf6 2. c4 e6 3. Nf3 b6 4. g3 Bb7 5. Bg2 Bb4+ 6. Bd2 Bxd2+ 7. Nbxd2 O-O 8. O-O d6 9. Qc2 Nbd7 10. e4 e5 11. Rfe1 Re8 12. Rad1 {[#]} exd4 $146 {E16: Queen's Indian: 4 g3 Bb7 5 Bg2 Bb4+.} ({Predecessor:} 12... c5 13. dxe5 dxe5 14. Nb1 Qe7 15. Nc3 Rad8 16. Qa4 a6 17. Qb3 Bc6 18. Nd2 Rb8 19. Nf1 b5 20. Ne3 bxc4 21. Qxc4 Rxb2 22. Qxa6 {1-0 (46) Aronian,L (2801)-Andreikin,D (2683) Moscow 2010}) 13. Nxd4 Nc5 14. f3 a5 {White is slightly better.} 15. Nb1 h6 16. Nf5 Qc8 17. Qc3 Qe6 18. Na3 Bc6 (18... Qe5 $14) 19. Nc2 $1 $16 Qe5 $2 {[#]} (19... Kh7 $16) 20. Ncd4 $1 $18 Bd7 21. Qd2 $2 (21. f4 $18 {and the rest is easy.} Na4 22. fxe5 Nxc3 23. exf6 Nxd1 24. Rxd1) 21... Bxf5 $4 {[%mdl 8192]} (21... Nb7 $16 {is more resistant.}) 22. Nxf5 $2 (22. exf5 $18 Nce4 23. fxe4) 22... Ne6 $14 23. Kh1 Rad8 24. b3 Qc5 25. Ne3 (25. f4 {is more complex.} h5 26. Bf3 Qb4 27. Qc2 a4 28. Kg2) 25... Nf8 26. Qd4 (26. Nd5 {is interesting.} N8d7 27. Bh3 Qc6 28. Kg2 Nh7 29. Bf5) 26... Qxd4 27. Rxd4 Ne6 28. Rd2 Ng5 29. Kg1 Nd7 30. Kf2 Nc5 31. Nd5 Rc8 32. h4 Nge6 33. Bh3 Kf8 34. f4 Na6 35. Kf3 Rcd8 36. f5 Nec5 37. f6 g6 38. Ne7 Nd7 (38... Nb8 $11) 39. Nc6 $2 (39. Bxd7 $1 $16 Rxd7 40. e5) 39... Ne5+ $15 40. Nxe5 Rxe5 41. Rd5 (41. a3 $11 {keeps the balance.}) 41... Rde8 42. Bd7 Rd8 43. Bh3 $1 Nc5 44. Re2 {[#]} Rde8 $1 45. Rxe5 Rxe5 $17 {[%mdl 4096] Endgame KRB-KRN} 46. Kf4 Ne6+ 47. Ke3 Nc5 48. Kf4 $1 Ke8 49. g4 (49. Bg4 $17 {is a better defense.}) 49... Ne6+ (49... g5+ $19 50. Kf3 gxh4) 50. Ke3 g5 51. h5 (51. hxg5 $17 {was worth a try.} Nxg5 52. Bg2) 51... Nf4 $19 52. Rh2 Re6 53. Kd4 $2 (53. Bf1) 53... Rxf6 54. Bf1 $2 (54. Kc3) 54... Kd7 (54... Ne6+ $142 55. Ke3 Rxf1) 55. Ke3 Ne6 56. Be2 Rf4 57. Rf2 Kc6 58. Rxf4 Nxf4 {Quite a comeback for Black. Accuracy: White = 56%, Black = 55%.} ({Less strong is} 58... gxf4+ 59. Kd3 $19) 0-1

[Event "Stay Safe Play From Home 291"]
[Site "Emanuel Lasker Arena"]
[Date "2020.07.09"]
[Round "5"]
[White "Chesstiger9"]
[Black "Haxhi Baha"]
[Result "1-0"]
[WhiteElo "1976"]
[BlackElo "1921"]
[Annotator "TA"]
[PlyCount "85"]
[EventDate "2020.07.09"]
[EventType "swiss (blitz)"]

{[%evp 9,85,10,33,33,32,11,16,14,27,18,27,20,28,21,36,25,95,8,12,10,0,0,186,186,250,193,206,201,289,176,187,58,82,77,104,98,90,87,126,134,120,118,276,283,268,272,321,266,393,383,1182,1159,1071,694,654,374,364,362,528,490,594,0,0,0,488,-606,-606,-602,-599,-520,-433,-433,-432,-432,-428,-418,-418,-517]} 1. d4 d5 2. Nf3 Bf5 3. Bf4 e6 4. e3 c6 5. Bd3 Bg6 6. O-O {D02: 1 d4 d5 2 Nf3 sidelines, including 2...Nf6 3 g3 and 2...Nf6 3 Bf4.} Bd6 7. Ne5 Qc7 {[#]} 8. Nd2 $146 {The position is equal.} ({Predecessor:} 8. Bg3 Ne7 9. Qe2 Nf5 10. Bxf5 Bxf5 11. c4 Nd7 12. Nxd7 Qxd7 13. Bxd6 Qxd6 14. a3 {½-½ (28) Neff,S-Mueller,K Hamburg 1987}) 8... Ne7 9. Ndf3 f6 10. Nxg6 hxg6 11. Bxd6 Qxd6 12. h3 f5 (12... Nd7 $11) 13. Ne5 ({White should try} 13. c4 $16) 13... Nd7 $11 14. f4 g5 15. Be2 O-O-O $2 (15... Nxe5 $11 16. fxe5 Qc7) 16. Nf7 $36 {[%mdl 2112] [#] Double Attack. White has strong initiative.} Qb4 (16... Qc7 $142 17. Nxg5 (17. Nxh8 Rxh8 18. Qe1 gxf4 $16) (17. Nxd8 Qxd8 18. a4 gxf4 $16) 17... Rde8 18. Nxe6 Qd6) 17. Nxd8 ({Don't play} 17. Nxh8 $6 Rxh8 18. fxg5 Qxb2) 17... Kxd8 18. fxg5 Ng6 (18... Nc8 {keeps fighting.} 19. Qe1 Qxe1 20. Raxe1 (20. Rfxe1 Nd6 $18) 20... Nd6) 19. b3 Qe7 20. Bh5 (20. Qe1 $18) 20... Qxg5 21. Bxg6 $1 Qxg6 22. Qf3 Nf6 23. Qf4 Kd7 {[#]} 24. Rf3 $1 Ne4 25. c4 Qf6 $2 (25... dxc4 $16 26. bxc4 Qf6) 26. cxd5 cxd5 27. Rc1 Qd8 28. Rff1 g5 (28... Qb8 {was worth a try.} 29. Rc2 Qxf4 30. exf4 Kd6) 29. Qe5 {Threatens to win with Qg7+.} g4 $2 (29... Rg8 30. Rc2 Nd6) 30. Qg7+ Kd6 31. Qxb7 {[%csl Gb7][%cal Rc1c6]} Qb6 32. Qxb6+ axb6 33. hxg4 fxg4 {[%mdl 4096] Endgame KRR-KRN} (33... Ng3 $142 34. Rfe1 fxg4) 34. Rf7 g3 35. Rb7 $2 (35. Rcc7 $18 {[%csl Gc7][%cal Rf7d7]} Rd8 36. Rb7) 35... Nf2 $1 $11 {[%csl Gf2][%cal Rh8h1]} 36. Rxb6+ Ke7 $2 {[%mdl 8192]} (36... Kd7 $11 {and Black has nothing to worry.} 37. Rb7+ Kd6 38. Rb6+ Kd7 39. Rb7+ Kd6 40. Rb6+) 37. Kf1 $4 {[%mdl 8192]} (37. Rc7+ $18 Kf6 38. Kf1) 37... Rh1+ $19 38. Ke2 Rxc1 39. Kf3 Rc2 40. Kxg3 Ne4+ 41. Kf3 Kf6 {( -> ...Kg5)} 42. Kg4 Rxg2+ 43. Kh3 {[%mdl 32768] Accuracy: White = 55%, Black = 47%. . Sensor Board Error (Ke4/e5)?} 1-0

[Event "Stay Safe Play From Home 291"]
[Site "Emanuel Lasker Arena"]
[Date "2020.07.09"]
[Round "5"]
[White "Haris kollari 13"]
[Black "Timbre"]
[Result "1-0"]
[WhiteElo "1836"]
[BlackElo "1554"]
[Annotator "NA"]
[PlyCount "73"]
[EventDate "2020.07.09"]
[EventType "swiss (blitz)"]

1. e4 {[%emt 0:00:01]} c6 {[%emt 0:00:02]} 2. d4 {[%emt 0:00:02]} d5 {[%emt 0:00:01]} 3. e5 {[%emt 0:00:00]} Bf5 {[%emt 0:00:02]} 4. f4 {[%emt 0:00:02]} e6 {[%emt 0:00:01]} 5. Nf3 {[%emt 0:00:01]} a6 {[%emt 0:00:01]} 6. c3 {[%emt 0:00:01]} c5 {[%emt 0:00:01]} 7. Be3 {[%emt 0:00:01]} cxd4 {[%emt 0:00:02]} 8. cxd4 {[%emt 0:00:01]} Nc6 {[%emt 0:00:01]} 9. Nc3 {[%emt 0:00:01]} Bb4 {[%emt 0:00:02]} 10. a3 {[%emt 0:00:01]} Bxc3+ {[%emt 0:00:02]} 11. bxc3 {[%emt 0:00:01]} Nge7 {[%emt 0:00:02]} 12. Be2 {[%emt 0:00:01]} O-O {[%emt 0:00:03]} 13. O-O {[%emt 0:00:01]} b5 {[%emt 0:00:01]} 14. h4 {[%emt 0:00:02]} Na5 {[%emt 0:00:06]} 15. g4 {[%emt 0:00:04]} Be4 {[%emt 0:00:03]} 16. Nd2 {[%emt 0:00:01]} Nc4 {[%emt 0:00:20]} 17. Bxc4 {[%emt 0:00:02]} bxc4 {[%emt 0:00:04]} 18. Nxe4 {[%emt 0:00:01]} dxe4 {[%emt 0:00:01]} 19. Re1 {[%emt 0:00:06]} Nd5 {[%emt 0:00:01]} 20. Bd2 {[%emt 0:00:01]} Qxh4 {[%emt 0:00:04]} 21. Qe2 {[%emt 0:00:04]} Qg3+ {[%emt 0:00:09]} 22. Qg2 {[%emt 0:00:04]} Qh4 {[%emt 0:00:07]} 23. Re2 {[%emt 0:00:10]} Rab8 {[%emt 0:00:05]} 24. Be1 {[%emt 0:00:05]} Qe7 {[%emt 0:00:06]} 25. Qxe4 {[%emt 0:00:01]} Rb3 {[%emt 0:00:07]} 26. Rc1 {[%emt 0:00:03]} Rfb8 {[%emt 0:00:05]} 27. f5 {[%emt 0:00:01]} Qg5 {[%emt 0:00:06]} 28. Bd2 {[%emt 0:00:02]} Qe7 {[%emt 0:00:19]} 29. g5 {[%emt 0:00:01]} f6 {[%emt 0:00:06]} 30. exf6 {[%emt 0:00:05]} gxf6 {[%emt 0:00:02]} 31. Qxd5 {[%emt 0:00:03]} exd5 {[%emt 0:00:08]} 32. Rxe7 {[%emt 0:00:02]} fxg5 {[%emt 0:00:03]} 33. Bxg5 {[%emt 0:00:02]} Rxa3 {[%emt 0:00:02]} 34. f6 {[%emt 0:00:01]} Rb2 {[%emt 0:00:04]} 35. f7+ {[%emt 0:00:09]} Kf8 {[%emt 0:00:03]} 36. Rce1 {[%emt 0:00:02]} Raa2 {[%emt 0:00:02]} 37. Bh6# {[%emt 0:00:02] (Lag: Av=0.48s, max=0.6s)} 1-0